00808 2200265 4500001002100000005001500021035002000036007000300056008004100059020002200100040002200122082001600144084001800160100003400178245008300212250003200295300005100327650002100378850001200399264003700411336002100448337003000469338002300499990002000522INLIS00000000086421920210827104100 a0010-0821000918ta210827s2008 xx a g ind d a978-0-446-50936-7 aYOPDYOGbinderda04223a332.024 a332.024 KIY i1 aKiyosaki, Robert Tepengarang10aincrease your financial IQ :bget smarter with your money /cRobert T Kiyosaki aCetakan pertama, Maret 2008 axvi, 197 halaman :bilustrasi, gambar ;c23 cm 4aKeuangan pribadi aYOPDYOG31aNew York :bBusiness Plus,c2008 2rdacontentateks 2rdamediaatanpa perantara 2rdacarrieravolume a67880-PD/A.2021